00353nam a22001097a 4500020001800000040000900018082001900027100001700046245010700063260004200170300003100212 a9781098107635 cNUST a006.30151bNEL aNelson, Hala aEssential Math For AI:bnext-level mathematics for efficient and successful AI systems /cHala Nelson aSebastopol :bO Reilly Media ,c2023. a568p. ;bPaperback,c24cm.